000 01162nam a2200301 a 4500
001
003 OSt
005 20240409073645.0
008 100909s2019 dr 001 0 spa d
020 _a 9789945613247
040 _aDO-SdBNP
_bspa
_cBNPHU
082 4 _a809
_bA451j
_222
100 1 _aAlmoina, José,
_d1903-1960.
_91865
245 1 4 _aJosé Almoina y sus artículos publicados durante el exilio en República Dominicana /
_b
_cJosé Almoina.; compilador Constancio Cassá Bernaldo de Quirós.
260 _aSanto Domingo :
_bArchivo General de la Nación,
_c2019
300 _a360 p. :
_bils., fots.;
_c23 cm.
490 1 _aArchivo General de la Nación
_v360
500 _a
504 _a
590 _aInventariado, 2020/VM
600 1 4 _aAlmoina, José
_d1903-1960-
_vEnsayos, conferencias, etc.
_977517
650 4 _aLiteratura española
_9631
_vEnsayos, conferencias, etc.
700 1 _aCassá Bernaldo de Quirós, Constancio,
_975865
_ecompilador
711 2 _aFeria del libro de Madrid
_977518
_c
_d(18a: )
830 0 _aArchivo General de la Nación
_n360
_977519
910 _aVMateo /Validado. Control de caliad MFF
942 _2ddc
_cLBS1
999 _c49237
_d49237